British Vocabulary #2 - Statistics

General Stats
  • This quiz has been taken 66 times
  • The average score is 11 of 15
Answer Stats
American English British English % Correct
Candy Sweets
91%
Movie Film
89%
Vacation Holiday
89%
Cab Taxi
87%
Bar Pub
84%
Restroom Toilet
84%
Flashlight Torch
84%
Truck Lorry
80%
Sidewalk Pavement
75%
Vacuum Cleaner Hoover
73%
Hood Bonnet
71%
Counter Clockwise Anti Clockwise
69%
Underwear Underpants
64%
Tic Tac Toe Noughts and Crosses
45%
Trash Can Dustbin
20%
No matching quizzes found
Score Distribution
Percent of People with Each Score
Percentile by Number Answered
Your Score History
You have not taken this quiz